Loading...
| Science - Chemistry | 1 | 4 | 1 | 1 | 50 | 82 | 100.60 | 0 | 3 | 0.00 | 0.00 |
| Literature - World | 1 | 1 | 0 | 0 | 25 | 59 | 87.50 | 0 | 1 | 0.00 | 0.00 |
| Beliefs | 0 | 3 | 1 | 0 | 25 | 94 | 106.67 | 0 | 0 | 0.00 | 0.00 |
| Science - Biology | 1 | 2 | 3 | 1 | 20 | 69 | 97.33 | 0 | 1 | 0.00 | 0.00 |
| Modern World | 0 | 1 | 0 | 0 | 10 | 119 | 119.00 | 0 | 0 | 0.00 | 0.00 |
| Science - Other | 0 | 2 | 2 | 2 | 10 | 123 | 123.50 | 0 | 0 | 0.00 | 0.00 |
| History - World | 0 | 1 | 1 | 0 | 5 | 99 | 99.00 | 0 | 0 | 0.00 | 0.00 |
| History - Ancient | 0 | 0 | 0 | 0 | 0 | 0.00 | 0 | 0 | 0.00 | 0.00 | |
| History - European | 0 | 0 | 1 | 0 | -5 | 0.00 | 0 | 0 | 0.00 | 0.00 | |
| Social Science | 0 | 0 | 1 | 0 | -5 | 0.00 | 0 | 0 | 0.00 | 0.00 | |
| Science - Physics | 0 | 0 | 1 | 0 | -5 | 0.00 | 0 | 0 | 0.00 | 0.00 |